[Event "AUT-ch U10 Girls"]
[Site "St Kanzian"]
[Date "2019.06.21"]
[Round "2"]
[White "Strateva, Sophia"]
[Black "Wiedner, Leticia"]
[Result "0-1"]
[WhiteElo "800"]
[BlackElo "911"]
[PlyCount "66"]
[EventDate "2019.06.21"]
[EventType "swiss"]
[EventRounds "7"]
[EventCountry "AUT"]
[SourceTitle "CBM 191 Extra"]
[Source "ChessBase"]
[SourceDate "2019.09.30"]
[SourceVersion "1"]
[SourceVersionDate "2019.09.30"]
[SourceQuality "1"]

1. e4 e5 2. d3 Nc6 3. Nc3 Nf6 4. Nf3 Bb4 5. a3 Bxc3+ 6. bxc3 d6 7. d4 Nxe4 8. d5 Nxc3 9. Qd2 Ne4 10. Qe2 Nc3 11. Qd3 Nxd5 12. Qxd5 Be6 13. Qd3 d5 14. Bg5 f6 15. Be3 e4 16. Qb3 exf3 17. Bb5 fxg2 18. Rg1 Bh3 19. Bd3 Ne5 20. Qb5+ c6 21. Qb4 Nf3+ 22. Ke2 Nxg1+ 23. Kd2 Nf3+ 24. Kc3 Rc8 25. Bf5 Bxf5 26. Qf4 d4+ 27. Bxd4 Qxd4+ 28. Qxd4 Nxd4 29. Kxd4 Rd8+ 30. Ke3 b5 31. Kf4 Rd2 32. Kxf5 Rxf2+ 33. Kg4 Rf1 0-1

[Event "AUT-ch U08 Girls"]
[Site "St Kanzian"]
[Date "2018.06.01"]
[Round "3.1"]
[White "Wiedner, Leticia"]
[Black "Wagner, Francesca Eleonora"]
[Result "0-1"]
[WhiteElo "800"]
[BlackElo "800"]
[PlyCount "44"]
[EventDate "2018.06.01"]
[EventType "swiss"]
[EventRounds "7"]
[EventCountry "AUT"]
[SourceTitle "EXT 2024"]
[Source "ChessBase"]
[SourceDate "2023.10.10"]
[SourceVersion "1"]
[SourceVersionDate "2023.10.10"]
[SourceQuality "1"]

1. e4 e5 2. b3 Nf6 3. Bb2 Bc5 4. f3 Bxg1 5. Rxg1 0-0 6. Bxe5 Re8 7. f4 Nxe4 8. d3 d6 9. Bd4 Nc3+ 10. Be2 Nxd1 11. Kxd1 Qe7 12. Re1 Nc6 13. Bc3 Nd8 14. Na3 Ne6 15. Nb5 Rb8 16. Nxa7 Nxf4 17. Kc1 Nxe2+ 18. Kb1 Qh4 19. Rh1 Qg4 20. Re1 Qxg2 21. Rd1 Bd7 22. Rd2 Bg4 0-1